16 Crayon Colors Quiz Stats

 Plays Quiz Updated Apr 4, 2015

Challenge
Share
Tweet
Embed
Score 0/16 Timer 03:00
1 Play Today
% Correct
Red
90.7%
Blue
90.3%
Yellow
89.9%
Green
89.6%
Black
89.2%
Orange
89.1%
Brown
87.7%
White
85.9%
% Correct
Violet
81.6%
Red Orange
57%
Blue Green
56.3%
Yellow Green
53.5%
Yellow Orange
50.6%
Blue Violet
44.2%
Carnation Pink
38.6%
Red Violet
36%

You're not logged in!

Compare scores with friends on all Sporcle quizzes.
Join for Free
OR
Log In

You Might Also Like...

Show Comments

Extras

Top Quizzes Today


Score Distribution

Your Account Isn't Verified!

In order to create a playlist on Sporcle, you need to verify the email address you used during registration. Go to your Sporcle Settings to finish the process.

Report this User

Report this user for behavior that violates our Community Guidelines.

Details: